000 00566nam a22002057a 4500
003 IBSLLIB
005 20260515102444.0
008 260515b |||||||| |||| 00| 0 eng d
020 _a9781408711392
040 _aIBSLLIB
_beng
041 _hEng
082 _a973.9
_bWOL
100 _aWolff , Michael
245 _aFire and Fury :
_bInside The Trump White House
260 _aLondon :
_bLittle Brown ,
_c2018
300 _a321 p ;
_c24 cm
653 _aHistory, Geography and auxiliary desciplines
653 _aHistory of north america
942 _cLBK
999 _c22153
_d22153